Transformers One (2024): Characters by Picture - Statistics

General Stats
  • This quiz has been taken 688 times
  • The average score is 11 of 14
Answer Stats
Picture Answer % Correct
Orion Pax/Optimus Prime
99%
D-16/Megatron
97%
B-127/Bumblebee
93%
Sentinel Prime
83%
Shockwave
81%
Soundwave
78%
Starscream
78%
Elita-1
77%
Arcee
76%
Jazz
74%
Megatronus Prime
70%
Alpha Trion
63%
Darkwing
50%
Airachnid
46%
No matching quizzes found
Score Distribution
Percent of People with Each Score
Percentile by Number Answered
Your Score History
You have not taken this quiz